书目信息 |
| 题名: |
新时期档案管理与开发利用研究
|
|
| 作者: | 王玉玲 著 | |
| 分册: | ||
| 出版信息: | 长春 吉林出版集团股份有限公司 2022.08 |
|
| 页数: | 210页 | |
| 开本: | 24cm | |
| 丛书名: | ||
| 单 册: | ||
| 中图分类: | G271 | |
| 科图分类: | ||
| 主题词: | 档案管理--研究 , 档案利用--研究 | |
| 电子资源: | ||
| ISBN: | 978-7-5581-9889-2 | |
| 000 | 01080nam0 2200241 450 | |
| 001 | 012001001014 | |
| 005 | 20140201102403.0 | |
| 010 | @a978-7-5581-9889-2@dCNY39.80 | |
| 100 | @a20220905d2022 em y0chiy0110 ea | |
| 101 | 0 | @achi |
| 102 | @aCN@b220000 | |
| 105 | @ay z 000yy | |
| 106 | @ar | |
| 200 | 1 | @a新时期档案管理与开发利用研究@Axin shi qi dang an guan li yu kai fa li yong yan jiu@f王玉玲著 |
| 210 | @a长春@c吉林出版集团股份有限公司@d2022.08 | |
| 215 | @a210页@d24cm | |
| 330 | @a本书主要研究了当今图书馆档案管理的工作内容、作用、意义与工作方式方法,并结合实际工作实践及档案管理工作理论,探索如何结合新时期的工作重点加强档案管理和开发利用馆藏资源。主要内容包括:档案开发利用的途径与方法、档案开发利用的评价、科技档案的开发利用、声像档案的开发利用、政府文档的开发利用、人事档案管理、会计档案管理、特殊载体档案管理、档案保管工作、档案检索与统计工作、档案利用服务与编研工作等。 | |
| 606 | 0 | @a档案管理@x研究 |
| 606 | 0 | @a档案利用@x研究 |
| 690 | @aG271@v5 | |
| 701 | 0 | @a王玉玲@Awang yu ling@4著 |
| 801 | 0 | @aCN@bAHXH@c20221111 |
| 905 | @b1365518-20@dG271@e248@f3 | |
| 新时期档案管理与开发利用研究/王玉玲著.-长春:吉林出版集团股份有限公司,2022.08 |
| 210页;24cm |
| ISBN 978-7-5581-9889-2:CNY39.80 |
| 本书主要研究了当今图书馆档案管理的工作内容、作用、意义与工作方式方法,并结合实际工作实践及档案管理工作理论,探索如何结合新时期的工作重点加强档案管理和开发利用馆藏资源。主要内容包括:档案开发利用的途径与方法、档案开发利用的评价、科技档案的开发利用、声像档案的开发利用、政府文档的开发利用、人事档案管理、会计档案管理、特殊载体档案管理、档案保管工作、档案检索与统计工作、档案利用服务与编研工作等。 |
| ● |
| 相关链接 |
|
|
|
|
正题名:新时期档案管理与开发利用研究
索取号:G271/248
 
预约/预借
| 序号 | 登录号 | 条形码 | 馆藏地/架位号 | 状态 | 备注 |
| 1 | 1365518 | 213655187 | 第一样本阅览室/ [索取号:G271/248] | 在馆 | |
| 2 | 1365519 | 213655196 | 第四借阅区/ [索取号:G271/248] | 在馆 | |
| 3 | 1365520 | 213655203 | 第四借阅区/ [索取号:G271/248] | 在馆 |